000 00914nam a2200241Ia 4500
003 GCL
008 140319s9999 xx 000 0 ara d
040 _aGCL /
_cGCL
082 0 4 _aط
_b031
_bش ك
100 1 _aالشركة الشرقية للمطبوعات
245 1 0 _aكتاب المعرفة : النبات :
_bالجزء الاول : علوم _ الجزء الثانى : علوم /
_cالشركة الشرقية للمطبوعات
260 _aالقاهرة :
_bالشركة الشرقية للمطبوعات
300 _a160 ص ؛
_c30 سم
490 _aكتاب المعرفة
_v0
650 0 4 _aالنبات
650 0 4 _aالنبات - فسيولوجيا
650 0 4 _aالنبات، علم
650 0 4 _aالنباتات - تغذية
650 0 4 _aالنباتات الجبلية
650 0 4 _aالنباتات الخضرية
650 0 4 _aنباتات الفاكهة
942 _2ddc
_cBK
999 _c48079
_d48079